Statistics for Tom Cruise - All Movies

Click here to take the quiz!

General Stats

  • This quiz has been taken 651 times
    (91 since last reset)
  • The average score is 37 of 61

Answer Stats

YearMovie% Correct
1996Mission Impossible
98%
2025Mission Impossible 8
93%
2023Mission Impossible: Dead Reckoning: Part One
93%
2018Mission Impossible: Fallout
93%
2011Mission Impossible: Ghost Protocol
93%
2000Mission Impossible II
93%
2006Mission Impossible III
93%
2015Mission Impossible: Rogue Nation
93%
1986Top Gun
91%
2022Top Gun: Maverick
91%
1996Jerry Maguire
80%
1988Cocktail
78%
1999Eyes Wide Shut
78%
1988Rain Man
78%
2012Jack Reacher
74%
2016Jack Reacher: Never Go Back
74%
1992A Few Good Men
72%
1983Risky Business
72%
2008Tropic Thunder
72%
2004Collateral
70%
1990Days of Thunder
70%
2014Edge of Tomorrow
70%
TBDLive Die Repeat and Repeat
67%
2001Vanilla Sky
67%
1989Born on the Fourth of July
65%
2010Knight and Day
65%
1999Magnolia
65%
1983The Outsiders
65%
2008Valkyrie
65%
1994Interview with the Vampie: The Vampire Chonicles
63%
2002Minority Report
63%
1993The Firm
63%
1992Far and Away
61%
2013Oblivion
61%
2003The Last Samurai
61%
1983All the Right Moves
59%
1981Taps
59%
2017The Mummy
57%
2005War of the Worlds
57%
1986The Color of Money
52%
2012Rock of Ages
50%
2017American Made
48%
1985Legend
48%
2007Lions for Lambs
46%
2002Austin Powers in Goldmember
43%
1981Endless Love
43%
1983Losin' It
41%
TBDUntitled Tom Cruise/ SpaceX Project
35%
2006Ask the Dust
33%
2003Shattered Glass
33%
2012Dead on Arrival
30%
2005Elizabethtown
30%
TBDLuna Park
30%
2013Paranormal Movie
30%
2006Paris, je t'aime
30%
2004Suspect Zero
30%
2008The Brothers Bloom
30%
2019The Game Changer
30%
2001The Others
30%
1998Without Limits
30%
2010Going the Distance
28%

Score Distribution

Percentile by Number Answered

Percent of People with Each Score

Your Score History

You have not taken this quiz since the last reset